000 00745nam a22002297a 4500
999 _c7275
_d7275
003 AR-CdUCM
008 190308b ||||| |||| 00| 0 spa d
040 _aMUNICIPALIDAD PROVINCIAL DEL CUSCO
_cBIBLIOTECA MUNICIPAL DEL CUSCO
082 _a759.9436 /
_bH66
100 _aHofmann, Werner
_96077
245 _aLa mas grandiosa colección de arte del mundo :
_bGustav Klimt
260 _aBuenos Aires :
_bCodex S.A.,
_c1964.
300 _a26 paginas ;
_bIlustraciones en color,
_c35 cm ;
440 _aPinacoteca de Los Genios
_n149
_920499
505 _aContenido: Arte
650 _aArte
_9561
650 _aAustria
_920500
650 _aPintura
_93081
700 _aMariño, Aldo (traducción)
_920501
942 _2ddc
_cLIBROS
945 _anom